Ley de régimen jurídico de las administraciones públicas y del procedimiento administrativo común y legislación complementaria, concordancias y jurisprudencia ordenada y sistematizada
Uloženo v:
| Hlavní autoři: | , |
|---|---|
| Médium: | Kniha |
| Jazyk: | španělština |
| Vydáno: |
Madrid
Colex
2001
|
| Vydání: | 4a. ed |
| Témata: | |
| Tagy: |
Přidat tag
Žádné tagy, Buďte první, kdo vytvoří štítek k tomuto záznamu!
|
MARC
| LEADER | 00000nam a2200000 a 4500 | ||
|---|---|---|---|
| 001 | UCL6386 | ||
| 003 | CL-VaPUC | ||
| 008 | 040402e20010000SP |||||||||||||||||spa|d | ||
| 020 | |a 8478796606 | ||
| 082 | 0 | 4 | |a 342.066 |b GAR |2 21 |
| 100 | |a Garberí Llobregat, José |e author |9 484067 | ||
| 700 | 0 | |a Buitrón Ramírez, Guadalupe |e author |9 484068 | |
| 245 | 1 | 0 | |a Ley de régimen jurídico de las administraciones públicas y del procedimiento administrativo común y legislación complementaria, concordancias y jurisprudencia ordenada y sistematizada |
| 250 | |a 4a. ed | ||
| 300 | |a 1046 p | ||
| 942 | |c BK | ||
| 945 | |d 20040402 00:00:00 |a cmena | ||
| 260 | |a Madrid |b Colex |c 2001 | ||
| 650 | 0 | |a Procedimiento administrativo |9 256132 | |
| 650 | 0 | |a Derecho administrativo |9 254851 | |
| 650 | 0 | |a Derecho español |9 255291 | |
| 583 | |a last modification |c 20040402 00:00:00 |k Rodrigo Vera | ||
| 999 | |c 308497 |d 308495 | ||
| 952 | |0 0 |1 0 |4 0 |6 342_066000000000000_GAR_2001 |7 0 |8 A |9 375063 |a BIBDER |b BIBDER |d 2019-11-21 |i 4002938 |o 342.066 GAR 2001 |p 4002938 |r 2023-01-25 |w 2019-11-21 |y BK |k DER | ||